00573 2200217 4500001002100000005001700021008004100038035002400079040001200103082001000115090001900125100002100144245006800165250001000233260002200243300002400265500002600289650001300315850001200328990001500340YOGYA-0209000002784520090227024158.0 ind  0010-020900000027845 aYOPDYOG a001.6 aT 001.6bMar B aMARGATAN, Arcole aBuku Pintar Komputerbbagi pemulacDisusun Oleh Arcole Margatan aCet 7 aSolobAnekac1995 a68 hlmbilusc21 cm aBibliografi : hlm. 65 aKomputer aYOPDYOG a95P0076893